<?xml version="1.0" encoding="UTF-8"?>
<record
    xmlns:xsi="http://www.w3.org/2001/XMLSchema-instance"
    xsi:schemaLocation="http://www.loc.gov/MARC21/slim http://www.loc.gov/standards/marcxml/schema/MARC21slim.xsd"
    xmlns="http://www.loc.gov/MARC21/slim">

  <leader>03360nab a2200313 i 4500</leader>
  <controlfield tag="003">BR-BrBNA</controlfield>
  <controlfield tag="005">20250120201216.0</controlfield>
  <controlfield tag="008">250120b2017    bl.mr|pooa||| 00| 0 eng |</controlfield>
  <datafield tag="040" ind1=" " ind2=" ">
    <subfield code="a">BR-BrBNA</subfield>
    <subfield code="b">eng</subfield>
  </datafield>
  <datafield tag="072" ind1=" " ind2=" ">
    <subfield code="a">N20</subfield>
  </datafield>
  <datafield tag="100" ind1=" " ind2=" ">
    <subfield code="a">Farias, Marcelo Silveira de </subfield>
  </datafield>
  <datafield tag="100" ind1=" " ind2=" ">
    <subfield code="a">Schlosser, Jos&#xE9; Fernando </subfield>
  </datafield>
  <datafield tag="100" ind1=" " ind2=" ">
    <subfield code="a">Martini, Alfran Tellechea </subfield>
  </datafield>
  <datafield tag="100" ind1=" " ind2=" ">
    <subfield code="a">Santos, Gustavo Oliveira dos</subfield>
  </datafield>
  <datafield tag="100" ind1=" " ind2=" ">
    <subfield code="a">Estrada, Javier Solis </subfield>
  </datafield>
  <datafield tag="245" ind1=" " ind2=" ">
    <subfield code="a">Air and fuel supercharge in the performance of a diesel cycle engine</subfield>
  </datafield>
  <datafield tag="500" ind1=" " ind2=" ">
    <subfield code="a">Publica&#xE7;&#xE3;o on-line; 15 ref.; 2 illus; 2 tables; Sumaries (En, Pt)</subfield>
  </datafield>
  <datafield tag="520" ind1=" " ind2=" ">
    <subfield code="a">

ABSTRACT - This paper aimed to evaluate the performance of a Diesel cycle engine, changing the configurations for the air and fuel supply system. Variables analyzed were torque, power, specific fuel consumption and thermal efficiency in four different engine configurations (aspirated, aspirated + service, turbocharged + service and turbocharged). For that, there were dynamometer experiments by power takeoff of an agricultural tractor. The experimental outline used was entirely randomized, in a bifatorial design with three repetitions. Results indicated that the engine supercharge, compared to its original configuration, provided a significant increase of torque and power. Only the addition of turbo does not caused a significant effect in the engine performance. Application of turbocharger provides an improvement in the burning of the air/fuel mixture, which favors the increase of engine power and; consequently, reduced the specific fuel consumption.

Key words: agricultural tractor, turbocharger, injection pump, fuel consumption.</subfield>
  </datafield>
  <datafield tag="520" ind1=" " ind2=" ">
    <subfield code="a">

RESUMO - Este trabalho teve como objetivo avaliar o desempenho de um motor ciclo Diesel, alterando a configura&#xE7;&#xE3;o do sistema de alimenta&#xE7;&#xE3;o de ar e de combust&#xED;vel. As vari&#xE1;veis analisadas foram torque, pot&#xEA;ncia, consumo espec&#xED;fico de combust&#xED;vel e efici&#xEA;ncia t&#xE9;rmica em quatro diferentes configura&#xE7;&#xF5;es do motor (aspirado, aspirado + servi&#xE7;o, turboalimentado + servi&#xE7;o e turboalimentado). Para isso, foram realizados experimentos dinamom&#xE9;tricos por meio da tomada de pot&#xEA;ncia de um trator agr&#xED;cola. O delineamento experimental utilizado foi inteiramente casualizado, em desenho bifatorial com tr&#xEA;s repeti&#xE7;&#xF5;es. Os resultados indicam que, a sobrealimenta&#xE7;&#xE3;o do motor, em rela&#xE7;&#xE3;o &#xE0; configura&#xE7;&#xE3;o original, proporciona aumento significativo do torque e pot&#xEA;ncia. Somente a adi&#xE7;&#xE3;o de turbo n&#xE3;o causa efeito significativo no desempenho do motor. A aplica&#xE7;&#xE3;o do turbocompressor proporciona melhoria na queima da mistura ar/combust&#xED;vel, o que favorece o aumento da pot&#xEA;ncia do motor e, consequentemente, reduz o consumo espec&#xED;fico de combust&#xED;vel.

Palavras-chave: trator agr&#xED;cola, turbocompressor, bomba injetora, consumo de combust&#xED;vel.</subfield>
  </datafield>
  <datafield tag="650" ind1=" " ind2=" ">
    <subfield code="a">AGRICULTURA</subfield>
  </datafield>
  <datafield tag="650" ind1=" " ind2=" ">
    <subfield code="a">TRATOR</subfield>
  </datafield>
  <datafield tag="650" ind1=" " ind2=" ">
    <subfield code="a">MOTOR</subfield>
  </datafield>
  <datafield tag="650" ind1=" " ind2=" ">
    <subfield code="a">COMBUST&#xCD;VEL</subfield>
  </datafield>
  <datafield tag="650" ind1=" " ind2=" ">
    <subfield code="a">CONSUMO</subfield>
  </datafield>
  <datafield tag="773" ind1="0" ind2=" ">
    <subfield code="0">2408</subfield>
    <subfield code="9">346532</subfield>
    <subfield code="d">Santa Maria-RS Universidade Federal de Santa Maria - Centro de Ci&#xEA;ncias Rurais 1991</subfield>
    <subfield code="o">2024-7203</subfield>
    <subfield code="t">Ci&#xEA;ncia Rural (Brazil)</subfield>
    <subfield code="x">0103-8478   Vers&#xE3;o online ISSN 1678-4596</subfield>
    <subfield code="g">v. 47(6) p. 1-7; (2017)</subfield>
    <subfield code="w">BR2024004168</subfield>
  </datafield>
  <datafield tag="856" ind1=" " ind2=" ">
    <subfield code="u">https://www.scielo.br/j/cr/a/wJDhBcQFsBdgbbhGw3kLNxD/?format=pdf&amp;lang=en</subfield>
  </datafield>
  <datafield tag="942" ind1=" " ind2=" ">
    <subfield code="c">ANA</subfield>
  </datafield>
  <datafield tag="999" ind1=" " ind2=" ">
    <subfield code="c">329626</subfield>
    <subfield code="d">329626</subfield>
  </datafield>
</record>
